000 00856 a2200217 4500
001 26078
005 20260407155542.0
008 260407a1978 arg spa d
003 AR-UNSa-BCEJYS
040 _aAR-UNSa-BCEJYS
_bspa
_cAR-UNSa-BCEJYS
080 _a657.372.2
_xEvaluación (revaluo)
245 1 0 _aManual de revaluo contable
_pLey 19.742
250 _a3a. ed
264 1 _aBuenos Aires :
_bCangallo
_c1978
300 _a177 p.
_c23 cm.
505 _a1. Consideraciones generales - 2. Análisis de la ley 19.742 y de su reglamentación - 3. Casos prácticos - 4. Normas legales aplicables.
942 _cBK
590 _aniveau_biblio:m niveau_hierar:0
100 1 _aGuastavino, Luis María
856 4 1 _uhttps://biblioeco.unsa.edu.ar/pmb/images/libros/Manual de revaluo contable Guastavino, Luis Mar?a (1978).jpg
_yImagen de portada
_qimage/jpeg
999 _c1434
_d1434